01427aam a2200349 i 4500001001400000003000400014005001700018008004100035015001400076015001400090020003800104020003700142040002900179041001800208082001700226100003300243245014800276246005400424250001600478264007900494264001100573300004600584336002100630337002500651338002300676546005500699650004400754650004600798650004600844880014100890880004601031vtls000774339PNM20210119163123.0150612t20142014my a g d 000 0 may  aM15-06763 aM15-08586 a9789830109800qpaperbackcRM72.00 a9789830109817qhardbackcRM82.00 aBNMbengcBNMerdadPPAK0 amayachiaeng04a413.99232231 aLai, Choy,d1941-ecompiler.106880-01aKamus KEMBANGAN :bBahasa Malaysia • Bahasa Cina • Bahasa Inggeris = Quan xin jing bian Ma Hua ying da ci dian /cPenyusun Lai Choy316880-02aQuan xin jing bian Ma Hua ying da ci dian aEdisi Kedua 1aSeri Kembangan, Selangor :bUNITED PUBLISHING HOUSE (M) SDN. BHD.,c[2014] 4c©2014 axix, 2018 pages :billustrations ;c22 cm atext2rdacontent aunmediated2rdamedia avolume2rdacarrier aParallel bahasa Malaysia, Chinese and English text10aMalay languagevDictionariesxPolyglot.20aChinese languagevDictionariesxPolyglot.20aEnglish languagevDictionariesxPolyglot.106245-01 /$1aKamus KEMBANGAN :bBahasa Malaysia • Bahasa Cina • Bahasa Inggeris = 全新精编马华英大词典 /cPenyusun Lai Choy316246-02/$1a全新精编马华英大词典